Quantum field theory (Record no. 9577)

MARC details
000 -LEADER
fixed length control field 00533 a2200205 4500
000 - LEADER
fixed length control field BKB
001 - CONTROL NUMBER
control field 136347
005 - DATE AND TIME OF LATEST TRANSACTION
control field 20200902153022.0
008 - FIXED-LENGTH DATA ELEMENTS--GENERAL INFORMATION
fixed length control field
020 ## - INTERNATIONAL STANDARD BOOK NUMBER
International Standard Book Number 9780471496830
082 ## - DEWEY DECIMAL CLASSIFICATION NUMBER
Classification number 530.143
Item number M31Q
100 1# - MAIN ENTRY--PERSONAL NAME
Personal name Mandl, Franz
245 1# - TITLE STATEMENT
Title Quantum field theory
Statement of responsibility, etc by Franz Mandl and Graham Shaw
250 ## - EDITION STATEMENT
Edition statement 2nd ed.
260 ## - PUBLICATION, DISTRIBUTION, ETC. (IMPRINT)
Place of publication, distribution, etc U.K.
Name of publisher, distributor, etc John Wiley and Sons
Date of publication, distribution, etc 2010
300 ## - PHYSICAL DESCRIPTION
Extent 478p.
630 ## - SUBJECT ADDED ENTRY--UNIFORM TITLE
Uniform title Physics
690 ## - LOCAL SUBJECT ADDED ENTRY--TOPICAL TERM (OCLC, RLIN)
Topical term or geographic name as entry element Quantum field theory
700 ## - ADDED ENTRY--PERSONAL NAME
Personal name Shaw, Graham
Numeration
Titles and other words associated with a name
Holdings
Withdrawn status Lost status Damaged status Not for loan Home library Current library Date acquired Cost, normal purchase price Total Checkouts Full call number Barcode Date last seen Price effective from Koha item type
        Central University Of Rajasthan Central University Of Rajasthan 16/01/2013 0.00   530.143 M31Q 11542 21/11/2024 02/09/2020 Books